00442nam a22001577a 450000500170000001000160001702000260003303500140005903700130007308200110008610000160009724500520011326000390016527000590020430000210026320170524151215.0 aENG- 118384 a9788192557304c450.00 aEN-101916 bDBAD/PUB a363.34 aO.P.Varmani aDisaster management in india /cby O.P. Varmani aNew DelhibPawan publicationc2016 aH-1/48 Bengali Colony, Mahaveer Enclave, New Delhi- 45 a152p.c22cm (Hb)